000 01181cam a22003254a 4500
001 16172405
003 OSt
005 20230607095747.0
008 100406s2009 ke a b f000 0 eng
010 _a 2010305186
040 _aDLC
_cDLC
042 _alcode
043 _af-ke---
050 0 0 _aJQ2947.A56
_bC6525 2009
082 _a364.132
_bKIF
245 0 0 _aMonitoring and evaluation of the National Anti-Corruption Plan : sector assessment at operational level report /
_cKenya Integrity Forum.
246 1 7 _aNACP monitoring & evaluation
246 3 _aNACP monitoring and evaluation
260 _aNairobi :
_bKenya Integrity Forum,
_c2009.
300 _axiv, 71 p. :
_bcol. ill. ;
_c25 cm.
504 _aIncludes bibliographical references (p. 70-71).
650 0 _aPolitical corruption
_zKenya
_xPublic opinion.
650 0 _aPolitical corruption
_xPrevention
_zKenya.
650 0 _aPolitical corruption
_xGovernment policy
_zKenya.
650 0 _aPublic opinion
_zKenya.
710 2 _aKenya Integrity Forum.
906 _a7
_bcbc
_corigode
_d3
_encip
_f20
_gy-gencatlg
942 _2ddc
_cBK
999 _c791
_d791